[Event "RUS GP rap"]
[Site "Serpukhov"]
[Date "2018.02.23"]
[Round "2"]
[White "Solozhenkin, Evgeniy"]
[Black "Smirnova, Ekaterina"]
[Result "1-0"]
[WhiteElo "2433"]
[BlackElo "2102"]
[PlyCount "127"]
[EventDate "2018.02.23"]
[EventType "swiss (rapid)"]
[EventRounds "11"]
[EventCountry "RUS"]
[SourceTitle "CBM 183 Extra"]
[Source "ChessBase"]
[SourceDate "2018.04.19"]
[SourceVersion "1"]
[SourceVersionDate "2018.04.19"]
[SourceQuality "1"]

1. e4 e6 2. d4 d5 3. Nd2 Nf6 4. e5 Nfd7 5. Bd3 c5 6. c3 Nc6 7. Ne2 cxd4 8. cxd4 f6 9. exf6 Qxf6 10. Nf3 Bd6 11. Bg5 Qf7 12. Bh4 h6 13. 0-0 Be7 14. Bxe7 Nxe7 15. Bc2 0-0 16. Qd3 Qf5 17. Qd2 Qf6 18. Ng3 Rd8 19. Rfe1 Nf8 20. Nh5 Qf7 21. Nf4 Nc6 22. Ba4 Bd7 23. Bxc6 bxc6 24. Rac1 Rdc8 25. Ne5 Qe7 26. Rc5 Qd6 27. h3 Be8 28. Rec1 Rc7 29. R1c3 Rac8 30. Nfd3 Nd7 31. Nxd7 Bxd7 32. Ne5 Be8 33. Ra3 Qe7 34. Rac3 Qd6 35. Qc1 Kh8 36. g3 Kg8 37. Kg2 Kh8 38. b4 Rb8 39. b5 Rbc8 40. Qc2 Kg8 41. a4 Kh8 42. Nxc6 Bxc6 43. Rxc6 Rxc6 44. Rxc6 Rxc6 45. Qxc6 Qb4 46. Qa8+ Kh7 47. Qxa7 Qe1 48. Qc5 Qe4+ 49. Kh2 Qf5 50. Kg1 Qb1+ 51. Kg2 Qe4+ 52. Kf1 Qb1+ 53. Ke2 Qa2+ 54. Kd1 Qa1+ 55. Kd2 Kg8 56. b6 Qxa4 57. b7 Qa2+ 58. Qc2 Qa5+ 59. Qc3 Qa2+ 60. Ke3 Qb1 61. Qc8+ Kh7 62. b8Q Qe4+ 63. Kd2 Qxd4+ 64. Kc1 1-0

[Event "Marianske Lazne IM-B2 17th"]
[Site "Marianske Lazne"]
[Date "2018.01.25"]
[Round "7"]
[White "Lee, Qing Aun"]
[Black "Solozhenkin, Evgeniy"]
[Result "1/2-1/2"]
[WhiteElo "2277"]
[BlackElo "2451"]
[PlyCount "107"]
[EventDate "2018.01.20"]
[EventType "tourn"]
[EventRounds "9"]
[EventCountry "CZE"]
[EventCategory "1"]
[SourceTitle "CBM 182 Extra"]
[Source "ChessBase"]
[SourceDate "2018.02.23"]
[SourceVersion "1"]
[SourceVersionDate "2018.02.23"]
[SourceQuality "1"]

1. e4 c5 2. Nf3 d6 3. d4 cxd4 4. Nxd4 Nf6 5. Nc3 a6 6. Bg5 e6 7. f4 h6 8. Bh4 Qb6 9. a3 Nbd7 10. Bf2 Qc7 11. Qf3 b5 12. 0-0-0 Bb7 13. g4 Be7 14. Bg2 g5 15. h4 Rg8 16. hxg5 hxg5 17. f5 e5 18. Nb3 Rc8 19. Qe2 Nb6 20. Na5 Ba8 21. Rh3 Nc4 22. Nxc4 Qxc4 23. Rhd3 Rb8 24. b3 Qc7 25. Kb2 Bc6 26. Bf3 a5 27. Nd5 Bxd5 28. exd5 Rc8 29. Rc1 Qb7 30. Be1 Bd8 31. Ka2 Nd7 32. Bc3 b4 33. Bb2 a4 34. axb4 Qxb4 35. Ba3 axb3+ 36. Rxb3 Qa4 37. Kb2 Nb6 38. Ra1 Qd4+ 39. Kb1 Nc4 40. Bc1 Rh8 41. Ra6 Rh3 42. Be3 Nxe3 43. Qxe3 Qxe3 44. Rxe3 Rb8+ 45. Kc1 Ke7 46. Kd2 Rb4 47. f6+ Kxf6 48. Rxd6+ Ke7 49. Ra6 Bc7 50. Ra7 Kd6 51. Rc3 e4 52. Raxc7 exf3 53. Rxf7 Rxg4 54. Rcxf3 1/2-1/2

[Event "Marianske Lazne IM-B2 17th"]
[Site "Marianske Lazne"]
[Date "2018.01.21"]
[Round "2"]
[White "Solozhenkin, Evgeniy"]
[Black "Hoefelsauer, Thomas"]
[Result "1/2-1/2"]
[WhiteElo "2451"]
[BlackElo "2356"]
[PlyCount "65"]
[EventDate "2018.01.20"]
[EventType "tourn"]
[EventRounds "9"]
[EventCountry "CZE"]
[EventCategory "1"]
[SourceTitle "CBM 182 Extra"]
[Source "ChessBase"]
[SourceDate "2018.02.23"]
[SourceVersion "1"]
[SourceVersionDate "2018.02.23"]
[SourceQuality "1"]

1. e4 c6 2. d4 d5 3. Nc3 dxe4 4. Nxe4 Bf5 5. Ng3 Bg6 6. h4 h6 7. Nf3 e6 8. Ne5 Bh7 9. Bd3 Bxd3 10. Qxd3 Nd7 11. f4 Be7 12. Bd2 Nxe5 13. fxe5 Bxh4 14. 0-0-0 Bxg3 15. Qxg3 Ne7 16. Qxg7 Rg8 17. Qxh6 Qd5 18. Kb1 0-0-0 19. Qf6 Nf5 20. Rh7 Rd7 21. Rxf7 Rxg2 22. Rxd7 Qxd7 23. Bb4 Qd5 24. a3 Qc4 25. Qf8+ Kc7 26. Ba5+ b6 27. Qf7+ Kb8 28. Bc3 Rf2 29. Qe8+ Kb7 30. Qd7+ Kb8 31. Qd8+ Kb7 32. Qd7+ Kb8 33. Qd8+ 1/2-1/2